00405nam a2200145Ia 4500008004100000040001900041041001200060082001900072100002400091245004700115260003000162300003700192650001200229850001800241131103s9999 xx 000 0 und d aLoreto College aEnglish a910/MONbLCLIB aMoncrieff, A R Hope 4aThe new World of todaycA R Hope Moncrieff aLondonbThe Greshamc1921 aV.3b ill., maps, platesc 26cm. aTravell aLCLIB/910/MON